| 000 | 00000nam##2200000za#4500 |
| 001 | 9.632896 |
| 003 | CaOODSP |
| 005 | 20210624215042 |
| 007 | cr ||||||||||| |
| 008 | 150407|2000||||xxc|||||o f|0| 0 fre|d |
| 040 | |aCaOODSP|bfre |
| 043 | |an-cn--- |
| 086 | 1 |aSW21-44/2000F-PDF |
| 110 | 1 |aCanada. |bCondition féminine Canada. |
| 245 | 10|aLes femmes et le travail par téléphone : |h[ressource électronique]|brépercussions de la technologie, de la restructuration et de la réorganisation du travail sur le secteur des centres d'appels / |c[par] Ruth Buchanan, Sarah Koch-Schulte. |
| 260 | |aOttawa - Ontario : |bCondition féminine Canada |c2000. |
| 300 | |a126p.|bréférences, tableaux |
| 500 | |a«La présente étude de cas porte sur le secteur naissant des centres d'appels au Canada et a pour but d'examiner les retombées de la restructuration sur les travailleuses et les travailleurs des échelons inférieurs du marché de l'emploi.»--Résumé. |
| 500 | |aN.B.: Le n° de catalogue et ISBN imprimés dans cette publication sont incorrects. |
| 520 | 3 |aLa présente étude de cas porte sur le secteur naissant des centres d'appels au Canada et a pour but d'examiner les retombées de la restructuration sur les travailleuses et les travailleurs des échelons inférieurs du marché de l'emploi.--Résumé |
| 590 | |a06-10-Supp|b2006-12-15 |
| 691 | 07|aRestructuration|2gcpds |
| 691 | 07|aTélécommunications|2gcpds |
| 691 | 07|aTendances économiques|2gcpds |
| 691 | 07|aTravailleuse|2gcpds |
| 720 | 1 |aBuchanan, Ruth |
| 720 | 1 |aKoch-Schulte, Sarah |
| 775 | 08|tGender on the line : |w(CaOODSP)9.688471 |
| 776 | 0#|tGender on the line : |w(CaOODSP)9.661311 |
| 776 | 0#|tLes femmes et le travail par téléphone : |w(CaOODSP)9.661312 |
| 856 | 40|ahttp://publications.gc.ca|qPDF|s731 Ko|uhttps://publications.gc.ca/collections/Collection/SW21-44-2000F.pdf |